សង្គមវិទ្យាមូលដ្ឋាន (Record no. 8410)

000 -LEADER
fixed length control field 00290nam a22001097a 4500
040 ## - CATALOGING SOURCE
Transcribing agency SK
082 ## - DEWEY DECIMAL CLASSIFICATION NUMBER
Classification number 323
100 ## - MAIN ENTRY--AUTHOR NAME
Personal name វង្ស​ អែមសំអាន
245 ## - TITLE STATEMENT
Title សង្គមវិទ្យាមូលដ្ឋាន
260 ## - PUBLICATION, DISTRIBUTION, ETC. (IMPRINT)
Place of publication Phnom Penh
Name of publisher វង្ស
Year of publication 2005
942 ## - ADDED ENTRY ELEMENTS (KOHA)
Koha item type សៀវភៅភាសាខ្មែរ
952 ## - LOCATION AND ITEM INFORMATION (KOHA)
Withdrawn status [LOCAL, KOHA] 0
952 ## - LOCATION AND ITEM INFORMATION (KOHA)
Withdrawn status [LOCAL, KOHA] 0
952 ## - LOCATION AND ITEM INFORMATION (KOHA)
Withdrawn status [LOCAL, KOHA] 0
952 ## - LOCATION AND ITEM INFORMATION (KOHA)
Withdrawn status [LOCAL, KOHA] 0
952 ## - LOCATION AND ITEM INFORMATION (KOHA)
Withdrawn status [LOCAL, KOHA] 0
952 ## - LOCATION AND ITEM INFORMATION (KOHA)
Withdrawn status [LOCAL, KOHA] 0
952 ## - LOCATION AND ITEM INFORMATION (KOHA)
Withdrawn status [LOCAL, KOHA] 0
952 ## - LOCATION AND ITEM INFORMATION (KOHA)
Withdrawn status [LOCAL, KOHA] 0
952 ## - LOCATION AND ITEM INFORMATION (KOHA)
Withdrawn status [LOCAL, KOHA] 0
952 ## - LOCATION AND ITEM INFORMATION (KOHA)
Withdrawn status [LOCAL, KOHA] 0
Holdings
Permanent Location Date acquired Koha item type Lost status Shelving location Barcode Current Location Full call number
Library Block C2016-07-26សៀវភៅភាសាខ្មែរ C199RUA035641Library Block C 323 វង្ស 2005 C199
Library Block C2016-07-26សៀវភៅភាសាខ្មែរ C199RUA035529Library Block C323 វង្ស 2005 C199
Library Block C2016-07-26សៀវភៅភាសាខ្មែរ C199RUA035437Library Block C 323 វង្ស 2005 C199
Library Block C2016-07-26សៀវភៅភាសាខ្មែរ C199RUA035679Library Block C323 វង្ស 2005 C199
Library Block C2016-07-26សៀវភៅភាសាខ្មែរ C199RUA035424Library Block C323 វង្ស 2005 C199
Library Block C2016-07-26សៀវភៅភាសាខ្មែរ C199RUA035501Library Block C323 វង្ស 2005 C199
Library Block C2016-07-26សៀវភៅភាសាខ្មែរ C199RUA035646Library Block C323 វង្ស 2005 C199
Library Block C2016-07-26សៀវភៅភាសាខ្មែរ C199RUA035561Library Block C323 វង្ស 2005 C199
Library Block C2016-07-26សៀវភៅភាសាខ្មែរ C199RUA035586Library Block C323 វង្ស 2005 C199
Library Block C2016-07-26សៀវភៅភាសាខ្មែរ C199RUA035611Library Block C323 វង្ស 2005 C199
មជ្ឈមណ្ឌលឯការនៃសាកលវិទ្យាល័យភូមិន្ទកសិកម្មចំការដូង

Powered by Koha